|
|
|
|
| LEADER |
01079nam a2200301 a 4500 |
| 001 |
1351 |
| 003 |
BD-DhAAL |
| 005 |
20220201164506.0 |
| 008 |
150215s1989 cau b 001 0 eng |
| 999 |
|
|
|c 33706
|d 33706
|
| 010 |
|
|
|a 88080621
|
| 020 |
|
|
|a 015512403X
|
| 040 |
|
|
|a DLC
|c DLC
|d DLC
|d BD-DhAAL
|
| 050 |
0 |
0 |
|a HB90
|b .Z56 1989
|
| 082 |
0 |
0 |
|a 330.1
|2 20
|
| 100 |
1 |
|
|a Zimbalist, Andrew S.
|9 8455
|
| 245 |
1 |
0 |
|a Comparing economic systems :
|b a political-economic approach.
|
| 250 |
|
|
|a Second edition /
|b Andrew Zimbalist, Howard J. Sherman, Stuart Brown.
|
| 260 |
|
|
|a San Diego :
|b Harcourt Brace Jovanovich,
|c c1989.
|
| 300 |
|
|
|a xiv, 480 pages ;
|c 25 cm.
|
| 504 |
|
|
|a Includes bibliographies and index.
|
| 541 |
|
|
|e 1351
|
| 650 |
|
0 |
|a Comparative economics.
|9 8456
|
| 650 |
|
0 |
|a Comparative government.
|9 8334
|
| 700 |
1 |
|
|a Sherman, Howard J.
|9 8457
|
| 700 |
1 |
|
|a Brown, Stuart.
|9 8458
|
| 942 |
|
|
|2 ddc
|c BK
|
| 952 |
|
|
|0 0
|1 0
|2 ddc
|4 0
|6 330_100000000000000_ZIM
|7 0
|9 52646
|a SCL
|b SCL
|c GEN
|d 2015-02-15
|e Gift: The Asia Foundation
|l 0
|o 330.1 ZIM
|p 3020001351
|r 2015-02-15
|t 1
|w 2015-02-15
|y BK
|